01228 2200205 4500001002100000005001500021035002000036008004100056245003500097100001900132250000600151260003800157300001200195084001400207082000800221650001000229520075900239990001200998990001201010INLIS00000000000084620240607081818 a0010-0524000081240607 1 ind 1 aObsesi Kronis /cElisa Natalia aNatalia, Elisa a1 aYogyakarta :bSheila/ Andi,c2007 a234 hlm a813 ELI o a813 4aFiksi aPernah merasakan kebencian sekaligus kecintaan yang amat dalam pada seseorang? Hingga membuat hilang akal ... Setidaknya yang dirasakan Kristin pada Pandu. Ada sesuatu dalam diri cowok itu yang membius Kristin, membuatnya dari benci menjadi cinta setengah mati. Memiliki Pandu? Sudah pasti menjadi obsesi bagi Kristin. Langkah awalnya: menjadi redaksi majalah sekolah! Karena Pandu ada di situ. Tapi semudah itukah mendapatkan Pandu? Apalagi ada cewek lain yang superkeren di hati Pandu. Akankah Kristin bisa merebut hatinya? Gara-gara obsesi itu, Kristin seolah buta akan cinta yang datang kemudian. Seorang cowok tajir yang menyayangi Kristin apa adanya. Haruskah Kristin mengalahkan egonya dan memilihnya? Atau tetap kukuh meraih obsesinya pada Pandu? a0741292 a0741293